000 00441nam a2200181Ia 4500
001 19986
005 20260306172733.0
008 260306t2016||||xx |||||||||||||| ||spa||
041 _aESP
082 _a342.1
_bN86 T. 1 2016
100 _aNovak Talavera, Fabián
_eAUT
245 0 _aDerecho internacional público
260 _c2016
300 _a592 páginas :
_c24 cm.
650 _aGEN
654 _aCDE
942 _cLIB
_dJUS
_fJUS
_2ddc
_n
999 _c19986
_d19986